000 00429pab a2200157 454500
008 180718b2009 xxu||||| |||| 00| 0 eng d
100 _aShah, Tushaar
245 _aIndia's master plan for groundwater recharge: an assessment and some suggestion for revision
260 _c2009
300 _ap.41-49.
362 _a20 Dec
650 _aGroundwater
773 _aEconomic and Political Weekly
908 _aN
909 _a80849
999 _c80849
_d80849